Educación y cultura en Nueva Guinea: estudio comparativo de la educación entre los pueblos primitivos
Saved in:
| Main Author: | |
|---|---|
| Format: | Book |
| Language: | Spanish |
| Published: |
Barcelona
Paidós
1990
|
| Series: | Paidós Básica, 26
|
| Subjects: | |
| Tags: |
Add Tag
No Tags, Be the first to tag this record!
|
MARC
| LEADER | 00000cam a2200000 a 4500 | ||
|---|---|---|---|
| 001 | UCF9062 | ||
| 003 | CL-VaPUC | ||
| 008 | 131018e19900000sp |||||||||||||||||spa|d | ||
| 020 | |a 8475093272 | ||
| 082 | 0 | 4 | |a 305.230953 |b MEA |2 21 |
| 100 | |a Mead, Margaret |e autora |9 571242 | ||
| 245 | 1 | 0 | |a Educación y cultura en Nueva Guinea: estudio comparativo de la educación entre los pueblos primitivos |
| 300 | |a 282 p | ||
| 942 | |c BK | ||
| 945 | |d 20131018 14:00:00 |a dcastane | ||
| 260 | |a Barcelona |b Paidós |c 1990 | ||
| 650 | 0 | |a Grupos sociales |9 268887 | |
| 650 | 7 | |a EDUCACION Y CULTURA |2 CL-VaPUC |9 369202 | |
| 651 | 7 | |a NUEVA GUINEA |2 CL-VaPUC |9 261239 | |
| 583 | |a last modification |c 20131018 14:00:00 |k Rodrigo Vera | ||
| 490 | 0 | |a Paidós Básica, 26 | |
| 999 | |c 353547 |d 353545 | ||
| 952 | |0 0 |1 0 |3 erb |4 0 |6 305_230953000000000_MEA_1990 |7 0 |8 A |9 458865 |a BIBEDU |b BIBEDU |d 2019-11-23 |i 5019583 |o 305.230953 MEA 1990 |p 5019583 |r 2019-11-23 |w 2019-11-23 |y BK |z Catalogado en:20131018 |k PSI | ||